Philippine literature from ancient times to the present / (Record no. 85169)

MARC details
000 -LEADER
fixed length control field 00919cam a2200229z 4500
003 - CONTROL NUMBER IDENTIFIER
control field URS
005 - DATE AND TIME OF LATEST TRANSACTION
control field 20250828100520.0
008 - FIXED-LENGTH DATA ELEMENTS--GENERAL INFORMATION
fixed length control field 760113s1974 ph 000 0 eng |
040 ## - CATALOGING SOURCE
Original cataloging agency DLC
Transcribing agency URS
Modifying agency DLC
Language of cataloging eng
Description conventions rda
050 00 - LIBRARY OF CONGRESS CALL NUMBER
Classification number PL 5531
Item number .C278 1974
100 1# - MAIN ENTRY--PERSONAL NAME
Personal name Castillo y Tuazon, Teófilo del.,
9 (RLIN) 4762
Relator term author
245 ## - TITLE STATEMENT
Title Philippine literature from ancient times to the present /
264 ## - PRODUCTION, PUBLICATION, DISTRIBUTION, MANUFACTURE, AND COPYRIGHT NOTICE
Place of production, publication, distribution, manufacture Quezon City, Philippines :
Name of producer, publisher, distributor, manufacturer Philippine Graphic Arts,
Date of production, publication, distribution, manufacture, or copyright notice ©1974
300 ## - PHYSICAL DESCRIPTION
Extent 546 pages :
Dimensions 24cm
336 ## - CONTENT TYPE
Source rdacontent
Content type term text
Content type code txt
337 ## - MEDIA TYPE
Source rdamedia
Media type term unmediated
Media type code n
338 ## - CARRIER TYPE
Source rdacarrier
Carrier type term volume
Carrier type code nc
524 ## - PREFERRED CITATION OF DESCRIBED MATERIALS NOTE
Preferred citation of described materials note del Castillo y Tuazon, T. & Medina B. S., Jr. (1974). Philippine literature from ancient times to the present. Quezon City, Philippines: Philippine Graphic Arts.
650 #0 - SUBJECT ADDED ENTRY--TOPICAL TERM
Topical term or geographic name entry element Philippine literature (Filipino)
General subdivision Collections
9 (RLIN) 5882
700 1# - ADDED ENTRY--PERSONAL NAME
Personal name Medina, Buenaventura S.,
9 (RLIN) 2040
Relator term author
942 ## - ADDED ENTRY ELEMENTS (KOHA)
Source of classification or shelving scheme Library of Congress Classification
Koha item type Filipiniana
Holdings
Withdrawn status Source of classification or shelving scheme Damaged status Not for loan Collection code Home library Current library Date acquired Total Checkouts Full call number Barcode Date last seen Price effective from Koha item type
  Library of Congress Classification     Non-fiction Morong Graduate Library Morong Graduate Library 04/08/2025   PL 5531 .C278 1974 URSMOR-GL-893 04/08/2025 04/08/2025 Filipiniana

University of Rizal System
Email us at univlibservices@urs.edu.ph

Visit our Website www.urs.edu.ph/library